MARC

LEADER 00000nam0a2200000 4500
001 311964
005 20231101013414.0
020 |a RU  |b 80-36683ж 
035 |a (RuTPU)RU\TPU\book\337331 
090 |a 311964 
100 |a 20151215a1979 k y0rusy5003 ca 
101 0 |a rus 
102 |a RU 
105 |a a z 001zy 
200 1 |a Сбор, подготовка и транспорт нефти и воды  |e труды  |f Всесоюзный научно-исследовательский институт по сбору, подготовке и транспорту нефти и нефтепродуктов (ВНИИСПТнефть) ; под ред. Н. Н. Репина 
210 |a Уфа  |c Изд-во ВНИИСПТнефть  |d 1979 
215 |a 154 с.  |c ил. 
225 1 |a Труды ВНИИСПТнефти  |v Вып. 24 
320 |a Библиография в конце статей 
606 1 |a Нефть  |x Подготовка к переработке  |2 stltpush  |3 (RuTPU)RU\TPU\subj\45879 
610 1 |a сбор 
610 1 |a транспортировка 
610 1 |a водоподготовка 
610 1 |a нефтяные промыслы 
610 1 |a нефтепромысловое оборудование 
610 1 |a антикоррозионная защита 
610 1 |a нефтяные примеси 
610 1 |a вязкость 
610 1 |a отстойники 
610 1 |a Самотлорское нефтяное месторождение 
610 1 |a уравнение Бернулли 
675 |a 622.276.8  |z rus 
702 1 |a Репин  |b Н. Н.  |g Николай Николаевич  |4 340 
712 0 2 |a Всесоюзный научно-исследовательский институт по сбору, подготовке и транспорту нефти и нефтепродуктов (ВНИИСПТнефть)  |c (Уфа)  |c (1970-1992)  |2 stltpush  |3 (RuTPU)RU\TPU\col\7482 
801 0 |a RU  |b RuMRKP  |c 19950704  |g psbo 
801 1 |a RU  |b 63413507  |c 20151215 
801 2 |a RU  |b 63413507  |c 20181004  |g RCR 
942 |c BK